Otevírání ekonomiky a Sachsův model

Jeden zo základných problémov všetkých postsocialistických krajín - rýchla integrácia do celosvetovej ekonomiky. Súčasná situácia českej ekonomiky a možné riziká. Charakteristika Sachsovho transformačného modelu a nedostatky jeho teórie.

Salvato in:
Dettagli Bibliografici
Autore principale: Chlumský, Jiří
Natura: Capitolo di libro
Lingua:ceco
Soggetti:
Tags: Aggiungi Tag
Nessun Tag, puoi essere il primo ad aggiungerne!!

MARC

LEADER 00000naa a2200000 4500
001 r015659
005 20221213082008.1
041 0 |a cze 
044 |a CZ 
245 1 0 |a Otevírání ekonomiky a Sachsův model  |c J. Chlumský 
520 |a Jeden zo základných problémov všetkých postsocialistických krajín - rýchla integrácia do celosvetovej ekonomiky. Súčasná situácia českej ekonomiky a možné riziká. Charakteristika Sachsovho transformačného modelu a nedostatky jeho teórie. 
610 2 0 |a transformácia 
610 2 0 |a integrácia ekonomická medzinárodná 
610 2 0 |a stredná Európa 
610 2 0 |a východná Európa 
610 2 0 |a Česko 
610 2 0 |a vzťahy hospodárske vonkajšie 
100 1 |a Chlumský, Jiří